統合された日本の大学 - Statistics

General Stats
  • This quiz has been taken 32 times
  • The average score is 33 of 85
Answer Stats
統合前 % Correct
東京工業大学
93%
東京医科歯科大学
93%
大阪大学
83%
九州大学
79%
大阪府立大学
79%
富山大学
79%
大阪府立大学
79%
山梨大学
76%
島根大学
76%
高知大学
76%
大阪市立大学
76%
香川大学
72%
佐賀大学
72%
大分大学
72%
宮崎大学
72%
福井大学
69%
神戸大学
66%
東京都立大学
66%
慶應義塾大学
66%
法政大学
62%
日本大学
62%
日本大学
62%
筑波大学
62%
東海大学
62%
上智大学
62%
大阪医科大学
62%
大阪薬科大学
62%
関西学院大学
59%
長崎県立大学
55%
兵庫医科大学
55%
大阪国際大学
52%
高知医科大学
52%
大阪外国語大学
52%
愛知県立大学
52%
福井医科大学
48%
島根医科大学
48%
香川医科大学
48%
佐賀医科大学
48%
大分医科大学
48%
宮崎医科大学
48%
広島県立大学
48%
関西国際大学
48%
天理大学
45%
山梨医科大学
41%
東京水産大学
38%
東京商船大学
34%
富山医科薬科大学
34%
武蔵工業大学
34%
図書館情報大学
31%
北海道科学大学
31%
九州芸術工科大学
28%
共立薬科大学
24%
神戸商科大学
21%
姫路工業大学
21%
神戸商船大学
17%
日本大学松戸歯科大学
14%
兵庫県立看護大学
14%
富士常葉大学
14%
兵庫医療大学
14%
東京都立科学技術大学
10%
山梨県立看護大学
10%
高岡短期大学
10%
北海道東海大学
10%
九州東海大学
10%
浜松大学
10%
東京都立短期大学
7%
東京都立保健科学大学
7%
山梨県立女子短期大学
7%
大阪女子大学
7%
大阪府立看護大学
7%
広島県立保健福祉大学
7%
県立長崎シーボルト大学
7%
愛知県立看護大学
7%
天理医療大学
7%
大阪国際女子大学
3%
県立広島女子大学
3%
聖和大学
3%
聖母大学
3%
常葉学園大学
3%
神戸山手大学
3%
中央労働学園大学
0%
東京獣医畜産大学
0%
東海大学短期大学部高輪校舎
0%
東横学園女子短期大学
0%
北海道薬科大学
0%
No matching quizzes found
Score Distribution
Percent of People with Each Score
Percentile by Number Answered
Your Score History
You have not taken this quiz